| 000 | 00661nam a22001937a 4500 | ||
|---|---|---|---|
| 005 | 20100805152935.0 | ||
| 010 | _aENG-98462 | ||
| 020 |
_c395.00 _a9788190558709 |
||
| 035 | _aEN-81995 | ||
| 037 | _bDBAD/PUB | ||
| 082 | _a880.0355 | ||
| 100 |
_aGadhvi, Praveen _98186 |
||
| 245 |
_aBlack pain / _cby Praveen Gadhvi |
||
| 260 |
_aDelhi _bYatharth Publications _c2010 |
||
| 270 |
_a1/1955, Street No. 22A East Ram Nagar, Near Durga Mandir, _bDelhi _e110032 |
||
| 300 |
_a138p. _c22cm (Hb) |
||
| 942 |
_2ddc _cEN _mGAD _h880.0355 |
||
| 999 |
_c39614 _d39614 |
||